Tecnología II : segundo grado :

Guardado en:
Detalles Bibliográficos
Autores Corporativos: México. Secretaría de Educación Pública., Comisión Nacional de Libros de Texto Gratuitos. (México)
Otros Autores: Bernáldez Reyes, María Edith. (Director de Projecto)
Formato: Libro
Lenguaje:español
Publicado: México, D. F. : Secretaría de Educación Pública; Comisión Nacional de Libros de Texto Gratuitos, 2008.
Catálogo:MANES:  Resultados de Búsqueda del Catálogo
Clasificación de libros de texto:
Etiquetas: Agregar Etiqueta
Sin Etiquetas, Sea el primero en etiquetar este registro!
Añadido a:2009-05-07
Cambiado en:2025-05-08

MARC

LEADER 00000cam a2200000 4500
003 OSt
005 20250508092032.0
008 090508n2008 mx f 000 0 spa u
020 |a 9789680104499 (O.C.)  |a 9789680116768  |a 9789680107629 (Bloque 1)  |a 9789680114832 (Bloque 4-5) 
050 0 4 |a LTG LB1675.M49  |b T46tec 2º 
051 0 4 |a LTG LB1675.M49-T46tec 2º 
110 2 |a México.  |b Secretaría de Educación Pública.  |9 24090 
245 0 0 |a Tecnología II :  |b segundo grado :  |b apuntes :  |b telesecundaria /  |c coordinación general María Edith Bernáldez Reyes. 
260 |a México, D. F. :   |b Secretaría de Educación Pública; Comisión Nacional de Libros de Texto Gratuitos,  |c 2008. 
300 |a v. :  |b il., ;  |c 27 cm. 
500 |a Ciclo escolar 2008-2009 
505 |a Tecnología II : segundo grado : bloque 1 : Apuntes : Mi comunidad y la biodiversidad. -- Tecnología II : Apuntes : Bloque 4 Agroproyectos : Boque 5.Evaluación de la sostenibilidad de la comunidad. 
546 |a México 
561 |5 mx-CINVES  |a México. DIE-Cinvestav (Ciudad de México)  |k MANES 
691 0 |a PRI 
700 1 |a Bernáldez Reyes, María Edith.  |e coord. 
710 2 |a Comisión Nacional de Libros de Texto Gratuitos. (México)  |9 24074 
910 |a E-4819  |b Don.- 2009  |a E-5107(Bloque 1)  |a E-5110(ej.2 Bloque 1)  |a E-200(Bloque 4-5) 
911 |a E-4819 
942 |2 ddc  |c BK 
999 |c 54801  |d 54801 
999 |c manes:54801  |d 54801